[Event "Unterfränkischen EM 2014"]
[Site "Wörth am Main"]
[Date "2014.04.25"]
[Round "8.8"]
[White "Rößner, Uwe"]
[Black "Drewes, Thomas"]
[Result "0-1"]
[WhiteElo "1863"]
[BlackElo "1912"]
[PlyCount "102"]
[EventDate "2014.??.??"]

1. c4 Nf6 2. g3 d5 3. Bg2 e6 4. Nf3 c6 5. b3 Bd6 6. Bb2 Nbd7 7. O-O O-O 8. Qc2
Re8 9. d3 e5 10. Nbd2 d4 11. a3 Nf8 12. b4 Bd7 13. e3 dxe3 14. fxe3 a5 15. c5
Bc7 16. Nc4 Ng6 17. Kh1 Bg4 18. Ng5 h6 19. Ne4 Nxe4 20. Bxe4 Qd7 21. d4 Bh5 22.
Rf2 exd4 23. exd4 axb4 24. axb4 Rxa1+ 25. Bxa1 Qe6 26. Bg2 Ne7 27. d5 cxd5 28.
Nd6 Bxd6 29. cxd6 Qxd6 30. Qb2 f6 31. Rf1 Bf7 32. Qd2 Ng6 33. Bd4 Ne5 34. Bc5
Qd8 35. Rd1 Nc4 36. Qf2 b6 37. Bd4 Qe7 38. Bf1 Qe4+ 39. Kg1 Qg4 40. Ra1 Qe6 41.
Bd3 Ne5 42. Bf5 Qd6 43. Bxb6 Qxb4 44. Rb1 Qc3 45. Bh3 Bg6 46. Rd1 Be4 47. Bg2
Qb3 48. Rf1 Bxg2 49. Kxg2 Ra8 50. Kg1 Ra2 51. Qc5 Nf3+ 0-1

[Event "Unterfränkischen EM 2014"]
[Site "Wörth am Main"]
[Date "2014.04.25"]
[Round "8.9"]
[White "Kirchner, Michael"]
[Black "Blank, Stefan"]
[Result "1/2-1/2"]
[WhiteElo "1973"]
[BlackElo "1865"]
[PlyCount "23"]
[EventDate "2014.??.??"]

1. d4 Nf6 2. Nf3 g6 3. c3 Bg7 4. e4 d6 5. Be3 Ng4 6. Bg5 h6 7. Bh4 Nd7 8. h3
Ngf6 9. Qd2 c5 10. d5 a6 11. a4 Qa5 12. Bd3 1/2-1/2

[Event "Unterfränkischen EM 2014"]
[Site "Wörth am Main"]
[Date "2014.04.25"]
[Round "8.10"]
[White "Bastian, Holger"]
[Black "Thomele, Michael"]
[Result "1/2-1/2"]
[WhiteElo "1788"]
[BlackElo "1908"]
[PlyCount "54"]
[EventDate "2014.??.??"]

1. e4 e5 2. Nf3 Nc6 3. Bb5 Bc5 4. O-O d6 5. d3 Bd7 6. c3 a6 7. Ba4 Nf6 8. Qe2
Qe7 9. b4 Ba7 10. Be3 Bxe3 11. Qxe3 O-O 12. Nbd2 Rfe8 13. Rfe1 Nd8 14. Bc2 Ne6
15. d4 Nf4 16. dxe5 dxe5 17. Nf1 Bb5 18. Ng3 Ng4 19. Qc1 Qf6 20. h3 Nh6 21. Qe3
g5 22. Nh2 Bd7 23. Bd1 Rad8 24. Be2 Be6 25. Red1 Rxd1+ 26. Bxd1 Rd8 27. Be2 b5
{=} 1/2-1/2

[Event "Unterfränkischen EM 2014"]
[Site "Wörth am Main"]
[Date "2014.04.25"]
[Round "8.1"]
[White "Kraus, Arnold"]
[Black "Liebler, Jürgen"]
[Result "1/2-1/2"]
[WhiteElo "1656"]
[BlackElo "1684"]
[PlyCount "28"]
[EventDate "2014.??.??"]

1. d4 e6 2. c4 c5 3. e3 f5 4. Nf3 Nf6 5. Nc3 Be7 6. Be2 O-O 7. O-O cxd4 8. exd4
b6 9. h3 Bb7 10. Be3 Ne4 11. Qc2 Na6 12. Rfd1 Rc8 13. Bf4 h6 14. d5 Nxc3
1/2-1/2

[Event "Unterfränkischen EM 2014"]
[Site "Wörth am Main"]
[Date "2014.04.25"]
[Round "8.2"]
[White "Beyersdorf, Gunter"]
[Black "Paeslack, Luis"]
[Result "1-0"]
[WhiteElo "1787"]
[BlackElo "1491"]
[PlyCount "73"]
[EventDate "2014.??.??"]

1. d4 d5 2. c4 c6 3. cxd5 cxd5 4. Nc3 Nf6 5. Bg5 e6 6. Nf3 h6 7. Bf4 Nc6 8. e3
Bb4 9. Bd3 a6 10. O-O O-O 11. Rc1 Bd6 12. Ne5 Bxe5 13. dxe5 Nd7 14. Qh5 f5 15.
exf6 Qxf6 16. Bd6 Rd8 {=} 17. f4 Nf8 {=} 18. Ba3 d4 19. Ne4 Qf5 {=} 20. Qf3
dxe3 21. Qxe3 Qd5 22. Nf2 Qd4 {=} 23. Qg3 Qf6 24. Kh1 g6 25. Ng4 Qg7 26. Rf2
Nd4 27. Ne5 g5 28. Rcf1 Nf5 {=} 29. Qf3 gxf4 30. Qxf4 Rd4 {=} 31. Be4 Nh7 {=}
32. Bc5 Ra4 33. g4 Nf6 34. Re2 Nxe4 35. Rxe4 Rxe4 36. Qxe4 Nh4 37. Rf8+ 1-0

[Event "Unterfränkischen EM 2014"]
[Site "Wörth am Main"]
[Date "2014.04.25"]
[Round "8.3"]
[White "Schwarz, Tobias"]
[Black "Heller, Thomas"]
[Result "1-0"]
[WhiteElo "1634"]
[BlackElo "1809"]
[PlyCount "129"]
[EventDate "2014.??.??"]

1. e4 e6 2. d3 d5 3. Qe2 dxe4 4. dxe4 Nf6 5. Nf3 Be7 6. e5 Nd5 7. g3 c6 8. Bg2
Nd7 9. O-O O-O 10. Re1 h6 11. c4 N5b6 12. a3 Qc7 13. Nbd2 Rd8 14. b4 Nf8 15.
Nb3 Qd7 16. Bf1 Qc7 17. Bd2 Bd7 18. a4 Be8 19. Ra2 Rac8 20. a5 Nbd7 21. c5 a6
22. Bc3 Ng6 23. Nbd2 Ndf8 24. Nc4 Rb8 25. Nd6 Nh7 {=} 26. Nd2 Nhf8 27. N2c4 Nh7
28. Nb6 Bf8 29. f4 Ne7 30. Bg2 g6 31. Rd2 Nd5 32. Bxd5 cxd5 33. Bd4 Bc6 34. g4
Bg7 35. h4 Qe7 36. g5 h5 {=} 37. b5 axb5 38. Nxb5 Nf8 39. Nd6 Nd7 40. Rb1 Nf8
41. Rdb2 Qc7 42. Bc3 Nd7 43. Qe3 Nf8 44. Qd4 Nd7 45. Nxd7 Rxd7 46. a6 Bf8 47.
axb7 Bxb7 48. Rxb7 Rxb7 49. Rxb7 Qc6 50. Rxd7 Qxd7 51. Qb4 Bxd6 52. exd6 e5 53.
fxe5 Qh3 54. e6 Qg3+ 55. Kf1 Qf3+ 56. Ke1 Qh1+ 57. Kd2 Qg2+ 58. Kc1 Qg1+ 59.
Kb2 d4 60. Qxd4 Qg2+ 61. Kb3 Qb7+ 62. Qb4 Qd5+ 63. Ka3 Kh7 64. e7 f5 65. e8=Q
1-0

[Event "Unterfränkischen EM 2014"]
[Site "Wörth am Main"]
[Date "2014.04.25"]
[Round "8.4"]
[White "Stolcz, Frank"]
[Black "Saftenberger, Wolfgang"]
[Result "1/2-1/2"]
[WhiteElo "1479"]
[BlackElo "1682"]
[PlyCount "46"]
[EventDate "2014.??.??"]

1. d4 d5 2. c4 Nf6 3. Nc3 e6 4. e3 Bb4 5. Bd2 O-O 6. Bd3 dxc4 7. Bxc4 Nbd7 8.
Nf3 b6 9. O-O Bb7 10. Rc1 Rc8 11. Qe2 c5 12. Ba6 Bxc3 13. Bxc3 Bxa6 14. Qxa6
Rc7 15. Nd2 Qc8 16. Qe2 cxd4 17. exd4 Nd5 18. Nb1 N7f6 19. f3 Nxc3 20. bxc3 Rd8
21. Rfd1 a6 22. c4 Rcd7 23. Qe3 Qc6 {=} 1/2-1/2

[Event "Unterfränkischen EM 2014"]
[Site "Wörth am Main"]
[Date "2014.04.25"]
[Round "8.5"]
[White "Trapp, Kevin"]
[Black "Wilm, Johannes"]
[Result "1-0"]
[WhiteElo "1637"]
[BlackElo "1551"]
[PlyCount "93"]
[EventDate "2014.??.??"]

1. e4 d6 2. f4 g6 3. d3 Bg7 4. c3 c5 5. Nf3 Nc6 6. Be3 Nf6 7. h3 Nh5 8. Nbd2
Ng3 9. Rg1 a6 10. Bf2 Nxf1 11. Nxf1 b5 12. Qc2 Bd7 13. Be3 b4 14. Bd2 Qb6 15.
Ne3 a5 16. Rb1 Rb8 17. Ke2 b3 18. axb3 Qxb3 19. Qxb3 Rxb3 20. g4 e6 21. h4 O-O
22. Ra1 Rxb2 23. Nc4 Rb3 24. Rgc1 d5 25. Nxa5 Nxa5 26. Rxa5 Rc8 27. e5 Bf8 28.
h5 Kg7 29. hxg6 Kxg6 30. Ra7 Be8 31. Nh4+ Kg7 32. f5 exf5 33. gxf5 Rcb8 34. Bg5
h6 35. f6+ Kh8 36. Bd2 R3b7 37. Raa1 Bd7 38. Rh1 Kh7 39. Rag1 Rb2 40. Nf3 Bf5
41. Ng5+ Kg8 42. Ne6+ Bg6 43. Nxf8 Kxf8 44. Rxh6 Ke8 45. e6 Kd8 46. Rh8+ Kc7
47. Rxb8 1-0

[Event "Unterfränkischen EM 2014"]
[Site "Wörth am Main"]
[Date "2014.04.25"]
[Round "8.6"]
[White "Englert, Fred"]
[Black "Häusler, Luis"]
[Result "1-0"]
[WhiteElo "1813"]
[BlackElo "1281"]
[PlyCount "107"]
[EventDate "2014.??.??"]

1. c4 e5 2. g3 f5 3. Bg2 Nf6 4. Nc3 g6 5. d3 Bg7 6. Nf3 d6 7. O-O O-O 8. Qb3
Kh8 9. Bg5 Nbd7 10. Nd5 c6 11. Nc3 h6 12. Bd2 g5 13. e3 g4 14. Nh4 Kh7 15. d4
Nb6 {=} 16. a4 a5 17. Rfd1 e4 18. Bf1 Nfd7 19. Ne2 d5 20. Nf4 dxc4 21. Bxc4
Nxc4 22. Qxc4 Nb6 23. Qc5 Nd5 24. Nhg2 Bf6 25. Nxd5 cxd5 26. Nf4 Bg5 27. Nxd5
b6 28. Qc7+ Qxc7 29. Nxc7 Ra7 30. Nb5 Rg7 31. Rdc1 Ba6 32. Nc7 Bc8 33. Nd5 Rb7
34. Rc6 Bd7 35. Rxb6 Rxb6 36. Nxb6 Be6 37. Rc1 Rb8 38. Rc6 Bd8 39. Rxe6 Rxb6
40. Rxb6 Bxb6 41. b4 axb4 42. Bxb4 Kg7 43. a5 Ba7 44. Bc5 Bb8 45. a6 Kf7 46. a7
Bxa7 47. Bxa7 Ke6 48. Kf1 Kd5 49. Ke2 Kc4 50. Kd2 Kb4 51. Bc5+ Kc4 52. Bf8 h5
53. Be7 Kb3 54. d5 1-0

[Event "Unterfränkischen EM 2014"]
[Site "Wörth am Main"]
[Date "2014.04.25"]
[Round "8.7"]
[White "Chen, Jiuli"]
[Black "Heerlein, Gerd"]
[Result "1-0"]
[WhiteElo "1493"]
[BlackElo "1775"]
[PlyCount "71"]
[EventDate "2014.??.??"]

1. d4 Nf6 2. Nc3 g6 3. e4 d6 4. f3 a6 5. Be3 b5 6. a3 Bb7 7. Qd2 Nbd7 8. Bd3 c5
9. dxc5 dxc5 10. Bh6 Bxh6 11. Qxh6 c4 12. Be2 Qb6 13. Nh3 Rc8 14. Nf2 g5 15.
O-O Rg8 16. Rfe1 Rg6 17. Qh3 Rc6 18. Nd5 Nxd5 19. exd5 Rcd6 20. Qxh7 Nf6 21.
Qh3 Bxd5 22. Rad1 Be6 23. Qg3 Rxd1 24. Rxd1 g4 25. Qh4 gxf3 26. Bxf3 Bg4 27.
Bxg4 Rxg4 28. Qh3 Kf8 29. Kh1 Rg8 30. Qf3 Rg6 31. Qa8+ Kg7 32. Nh3 Ng4 33. Rd8
Rd6 34. Rg8+ Kf6 35. Qf3+ Ke5 36. Rg5+ 1-0

[Event "Unterfränkischen EM 2014"]
[Site "Wörth am Main"]
[Date "2014.04.25"]
[Round "8.8"]
[White "Stegnar, Roland"]
[Black "Träger, Dominik"]
[Result "1/2-1/2"]
[WhiteElo "1385"]
[BlackElo "1615"]
[PlyCount "30"]
[EventDate "2014.??.??"]

1. e4 e6 2. Nc3 d5 3. exd5 exd5 4. d4 Bb4 5. Bd2 Nf6 6. Bd3 O-O 7. Nf3 Re8+ 8.
Be3 Ng4 9. Qd2 Nxe3 10. fxe3 Bg4 11. O-O Nd7 12. h3 Bxf3 13. Rxf3 Nf6 14. Raf1
Bxc3 15. Qxc3 Qd6 1/2-1/2

[Event "Unterfränkischen EM 2014"]
[Site "Wörth am Main"]
[Date "2014.04.25"]
[Round "8.9"]
[White "Albert, Samuel"]
[Black "Pfister, Gerhard"]
[Result "1-0"]
[WhiteElo "1464"]
[BlackElo "1487"]
[PlyCount "55"]
[EventDate "2014.??.??"]

1. d4 Nf6 2. c4 g6 3. Nc3 Bg7 4. e4 d6 5. g3 O-O 6. Bg2 e5 7. Nge2 Nc6 8. d5
Ne7 9. O-O Nd7 10. b4 a5 11. Ba3 axb4 12. Bxb4 b6 13. a4 Nc5 14. a5 Ba6 15. Nb5
Qd7 16. Nec3 Nc8 17. Bxc5 bxc5 18. Qa4 Na7 19. Nxa7 Qxa4 20. Rxa4 Rxa7 21. Bh3
Rb7 22. Bd7 Rfb8 23. Nb5 Bxb5 24. Bxb5 Rxb5 25. cxb5 Rxb5 26. a6 Rb8 27. a7 Ra8
28. Rb1 1-0

[Event "Unterfränkischen EM 2014"]
[Site "Wörth am Main"]
[Date "2014.04.25"]
[Round "8.11"]
[White "Hasenstab, Rainer"]
[Black "Brennfleck, Martin"]
[Result "*"]
[WhiteElo "1004"]
[BlackElo "1464"]
[PlyCount "58"]
[EventDate "2014.??.??"]

1. e4 e6 2. Nf3 d5 3. e5 c5 4. d4 cxd4 5. Nxd4 Bc5 6. c3 Qc7 7. Bf4 Ne7 8. Bb5+
Bd7 9. Qe2 Qb6 10. Bxd7+ Nxd7 11. Qb5 Bxd4 12. Qxb6 Bxc3+ 13. Nxc3 Nxb6 14. b3
a6 15. a4 Nd7 16. O-O Ng6 17. Ne2 Ndxe5 18. Bxe5 Nxe5 19. f4 Nd7 20. Rac1 O-O
21. Rc7 Rfd8 22. b4 Rab8 23. Nd4 Nb6 24. a5 Rdc8 25. axb6 h6 26. f5 Re8 27. f6
g6 28. Rfc1 e5 29. Ne2 Re6 {=} *

[Event "Unterfränkischen EM 2014"]
[Site "Wörth am Main"]
[Date "2014.04.25"]
[Round "8.13"]
[White "Diener, Konrad"]
[Black "Porstendörfer, Yannik"]
[Result "1/2-1/2"]
[WhiteElo "1293"]
[BlackElo "904"]
[PlyCount "67"]
[EventDate "2014.??.??"]

1. e4 e5 2. f4 Nc6 3. Nf3 d6 4. Bb5 Bd7 5. c3 Nf6 6. d3 d5 7. Bxc6 Bxc6 8. fxe5
Nd7 9. d4 dxe4 10. Ng5 Be7 11. Nxf7 Kxf7 12. Qh5+ Kg8 13. O-O Qe8 14. Qg4 Qg6
15. Qh3 Nb6 16. Bf4 Bd7 17. Qe3 Bb5 18. Rf2 Bc6 19. Nd2 Bh4 20. g3 Be7 21. b4
Bd5 22. a4 Nc4 23. Nxc4 Bxc4 24. Rd1 Rd8 25. Rdd2 b6 26. e6 Bxe6 27. Bxc7 Rd7
28. Be5 Bg5 29. Bf4 Bxf4 30. Rxf4 Bd5 31. Rdf2 Rd8 32. Rf5 Be6 33. Rg5 Qh6 34.
h4 1/2-1/2